Quizzes
Events
Quiz Creation
Community
Videos
Private Events
Remove Ads
Sign In
Join for FREE
Feedback
Dark Mode
Quiz Categories
Sports
Geography
Music
Movies
Television
Just For Fun
Miscellaneous
History
Literature
Language
Science
Gaming
Entertainment
Religion
Holiday
For Kids
Quiz Lab
Recent
Popular Today
Quiz Kudos Today
Editor Picks
Curator Picks
Quizzes by...
Day
Popularity
Type
Ratings
Length
Year
Community
Subscriptions
Recent Discussions
Orange Saloon
Badges
Playlists
Quests
Create
Leaderboards
Showdown
Live 5
Trivia Bingo
Activity
Puzzle Library
Sporcle Events
Private Events
Virtual Trivia
Globe League
Become a Host
Pub Owners
SporcleCon
Opinionation
Our Games
Videos
Blog
Mobile Apps
Partnerships
Remove Ads and Go Orange
Feedback
Language
Vocabulary
Begins and Ends
Definition
Spanish
French
German
Italian
Chinese
Latin
Translation
Japanese
Language
Vocabulary
Begins and Ends
Definition
Spanish
French
German
Italian
Chinese
Latin
Translation
Japanese
Random Quiz
Search Sporcle
×
Quiz Lab
Quiz Lab
Language
odd
Type in answers that appear in a list
Type in answers that appear in a list
Classic
Best Score? Go Orange.
Odd One Out Stats
Can you name the odd one out?
By
domcel555
2m
20 Questions
457 Plays
457 Plays
457 Plays
Comments
Comments
Give Quiz Kudos
Give Quiz Kudos
-
- Ratings
hide this ad
More Info
No Skip
Answers have to be entered in order without skipping
Answers have to be entered in order without skipping
Replay
Link that replays current quiz
Next Quiz
Link to next quiz in quiz playlist
You Got
0%
They Got
Avg Score
74%
Avg Friend Score
Upgrade to see
Score Distribution
Jump to the score distribution portion of the page
Score
0/20
Timer
02:00
0
Plays Today
Sequence
Odd One Out
% Correct
?
???
100%
?
???
96.7%
?
???
95%
?
???
94.3%
?
???
93.9%
?
???
93%
?
???
92.3%
?
???
90.4%
?
???
87.3%
?
???
86.4%
Sequence
Odd One Out
% Correct
?
???
85.6%
?
???
84.2%
?
???
77.7%
?
???
70%
?
???
64.3%
?
???
58.4%
?
???
48.8%
?
???
36.1%
?
???
24.3%
?
???
21%
Quiz Playlist
Details
Report
Send in Message
Add To Playlist
More Info:
Find the word or character that does not fit into the sequence!
Classic:
Type in answers that appear in a list
No Skip:
Answers have to be entered in order without skipping
Last Updated: Feb 16, 2017
Quiz Scoreboard
CHALLENGE
Sign Up to Join the Scoreboard
Show All
Scores
Hide
Comments
May contain spoilers
Recently Published
Presidents Visiting Landmarks
by Hejman
History
7m
An Introduction to Baseball
by treessimontrees
Sports
5m
Movies - When Are They Set?
by FPL_Elf
Movies
5m
More to Explore
Quiz From the Vault
Featured Blog Post
Where Did the Easter Bunny Come From?
hide this ad
You Might Also Like...
Tags
odd
Odd One Out
reason
Sequence
Today's Top Quizzes in Language
Browse Language
hide this ad
Today's Top Quizzes in odd
Browse odd
Top Contributed Quizzes in Language
1
1-10 Letter F Words III
2
Order Up: Top 10 Most Native Spoken Languages
3
1-10 Letter G Words III
4
1-10 Letter H Words III
5
One Thing in Common: Italy
6
Weisst du, aus welchen Sprachen diese Wörter stammen?
7
1-10 Letter I Words III
8
1-10 Letter J Words III
9
Celtic Nations in their Language
10
Begins and Ends With AN
Explore More
Trending Topics
Disney
Crossword
Kpop
Harry Potter
Marvel
NBA
Anime
Song
WWE
The Office
Puzzle
Pokémon
NFL
Soccer
Country
hide this ad
More By:
domcel555
Quiz
Plays
Rating
Category
Featured
Created
Riddles: What Am I?
43,580
4.34
Just For Fun
Aug 6, 2010
Harry Potter Scramble
11,317
4.39
Literature
Aug 4, 2010
Harry Potter - Odd One Out
3,959
2.67
Literature
Aug 5, 2010
Epic Harry Potter Quiz
2,542
4.13
Literature
Jul 23, 2010
Odd One Out
457
3.43
Language
Aug 5, 2010
Go to Creator's Profile
Score Distribution
Quiz Creator Spotlight
domcel555
Follow
Send a Message
Quizzes Created
-
Created Quiz Play Count
-
More By This Creator
Popular Quizzes Today
1
Find the US States - No Outlines Minefield
2
Find the Countries of Europe - No Outlines Minefield
3
The Countries of the World
4
Find the US States
5
Popular People in 1961
6
US States
7
Risky Map Clicking: Biggest States A-Z
8
1-10 Letter E Words III
More Language Quizzes
19 Ways to Not 'Eat'
Published
Trending Quizzes
Risky Map Clicking: Least Populous States A-Z
1-10 Letter G Words
1-10 Letter F Words
One Thing in Common: United Kingdom
Risky Map Clicking: Next State Alphabetically
Recently Updated
Leaping Animals
pecheneg
Reality TV Shows (A-Z)
bhenderson79
Rickey Henderson's Hall of Fame Teammates
pecheneg
Champions League XIs: Arsenal
pecheneg
Quick Pick: Celebrities in WWE's Hall of Fame
aduchscher
A-Z Keypad Blitz II
pecheneg
Multiple Oscar Actors
pecheneg
Mystery Phrase Blitz: Oscar 'Best Actors'
pecheneg
F. Scott Fitzgerald Novels
LTH
Pick 3 Villains
ddd62291
Trending Topics
Crossword
Harry Potter
Kpop
Anime
NBA
Disney
Marvel
Soccer
Puzzle
Song
Country
WWE
Pokémon
NFL
The Office
Your Account Isn't Verified!
In order to create a playlist on Sporcle, you need to verify the email address you used during registration. Go to your
Sporcle Settings
to finish the process.
Report this User
Report this user for behavior that violates our
Community Guidelines
.
Details:
Send Report
Go to the Sporcle.com Mobile Site →
Comments